000 01338nam a2200361 a 4500
001 000111260
003 CHAP
005 20220329144204.0
008 150123s2014 mx a fsm |||||||spa d
010 _a107722
011 _a108694
040 _cCHAP
090 _aTesis
100 1 _aMondragón Media, Emilio
_9129102
245 1 0 _aBuenas prácticas de producción en la empresa derivasos lácteos San Pedro Cooperativa Colanta en Medellín, Colombia
_h[En línea]
_cpor Emilio Mondragón Media.
260 _aChapingo, Méx. :
_bEl autor,
_c2014.
500 _aPara ver el contenido del material haga clic en la liga
502 _aTesis (Ing. Agroindustrial ) -- UACH. Departamento de Ingeniería Agroindustrial
590 _aE11695DGD
_b10
_c20150126
_lUCH01
_h0935
590 _aE5995AHE
_b05
_c20150123
_lUCH01
_h1021
590 _aE5995AHE
_b05
_c20150123
_lUCH01
_h1022
590 _aE5995AHE
_b05
_c20150123
_lUCH01
_h1030
650 1 4 _aCooperativas.
_927777
650 1 4 _aIndicadores de desarrollo.
_957563
650 1 4 _aIndustria lechera
_zColombia.
_9129107
650 1 4 _aPersonal
_xAdministración de.
_987325
650 1 4 _aProductos lácteos.
_992124
650 1 4 _aSupervisores.
_9110751
856 _aFinding aid
_uhttp://10.13.5.2/tesis/sist111260.pdf
_zTeclea aquí
901 _aBK
942 _cTESIS
942 _n0
999 _c107722
_d107722